000 00330nam a22001337a 4500
008 170714b xxu||||| |||| 00| 0 eng d
020 _a0030115078
041 _aeng
080 _a038
100 _a24
101 _aFJA
245 _aENCYCLOPEDIA AND DICTIONARY OF MEDICINE, NURSING, AND ALLIED HEALTH
_cMILLER
942 _2udc
_cBK
999 _c20931
_d20931